00570 2200217 4500001002100000005001500021035002000036007000300056008004100059020002200100082001000122084001600132100002900148245003000177260004400207300003700251650001000288650001400298700002000312990002000332INLIS00000000000297920260511073934 a0010-0526000070ta260511 f 0 ind  a978-602-376-848-6 a174.4 a174.4 WIC e0 aWicaksono, Dedy Prasetyo1 aEtika & Profesi Manajemen aYogyakarta :bPustaka Baru Press,c2025 aviii + 144 hlm. ;c15.5 x 23 cm. 4aEtika 4aManajemen0 aAndri Octaviani a20260512.06.010